Martín y yo : apéndice :

Guardado en:
Autor Principal: Ferrari, Aldonza de
Otros Autores: Lagomarsino, Elena T. de
Formato: Libro
Publicado: Buenos Aires : Estrada, 1986.
Materias:
Etiquetas: Agregar Etiqueta
Sin Etiquetas, Sea el primero en etiquetar este registro!
LEADER 00762nam a22002295a 4500
001 CEM.cems012468
005 20070418153317.0
008 130507s1986##################000#0#####d
003 CEMS
020 |a 9500101513 
082 0 4 |a 372.41 
100 1 |a Ferrari, Aldonza de 
245 1 0 |a Martín y yo :  |b apéndice :  |c Aldonza de Ferrari ; elena T. de Lagomarsino 
260 |a Buenos Aires :  |b  Estrada,  |c 1986. 
300 |a 125 p. 
500 |a Apéndice del libro de lectura para segundo grado. 
653 |a Educación primaria 
653 |a Lengua-2º egb 
653 |a Lengua-lectura 
700 1 |a Lagomarsino, Elena T. de 
859 |a CEMS  |b BIB. CEMS - 11 de abril  |h 372.41  |i F412-1  |p 23836.07  |t Ej.1 
859 |a CEMS  |b BIB. CEMS - 11 de abril  |h 372.41  |i F412-1  |p 23859.07  |t Ej.2